Популярный экономико-математический словарь (Запис № 318980)

МАРК-запис
000 -Лідер
fixed length control field 00726nam a22002417a 4500
001 - Контрольний номер
control field 32535
003 - Ідентифікатор контрольного номера
control field UA-OsUOA
005 - Дата та час останнього входження (трансакції)
control field 20240209143100.0
007 - Фіксоване поле фізичного опису
fixed length control field ta
008 - Елементи даних фіксованої довжини – загальна інформація
fixed length control field 20050204b un ||||| |||| 00| 0 ukr d
040 ## - Джерело каталогізації
Агенція оригінальної каталогізації UA-OsUOA
Мова каталогізації rus
Агенція, яка здійснювала перезапис UA-OsUOA
Агенція, яка здійснювала модифікацію UA-OsUOA
041 ## - Код мови
Код мови тексту/ звукової доріжки чи окремого заголовка (П) rus
044 ## - Код країни видавця/ виробника
Код країни видавця/ виробника (П) RU
080 ## - Індекс Універсальної десяткової класифікації
Індекс Універсальної десяткової класифікації (УДК) (НП) 3(038)
090 ## - Локальний шифр розміщення
Класифікаційний індекс УДК 3(038)
Авторський знак (НП) Л77
100 ## - Основне введення – ім’я особи
Ім’я особи (НП) Лопатников Л. И.
9 (RLIN) 1701
245 ## - Відомості про назву
Назва (НП) Популярный экономико-математический словарь
Дані про відповідальність (НП) Л. И. Лопатников ; ред. В. А. Бабайцев, А. И. Кантер
260 ## - Публікація, розповсюдження і т.п. (Вихідні дані)
Місце публікації, розповсюдження і т.п. (П) Москва
Ім’я/ наймення видавництва, розповсюджувача і т.п. (П) Знание
Дата публікації, розповсюдження і т.п. (П) 1979
300 ## - Фізичний опис
Обсяг 192 с.
Інші фізичні характеристики (НП) Ілюстрації
650 #7 - Додаткове предметне введення – тематичний термін
Джерело заголовка чи терміна UDC
942 ## - Додаткові елементи входу (Коха)
Тип елемента Koha Книги
Source of classification or shelving scheme Universal Decimal Classification
955 ## - Код типу видання за змістом
Код типу видання за змістом (НП) інше
Фонди
Стан вилучень Стан втрат Джерело класифікації або схеми стелажів Стан уражень Не для кредиту Постійне місце розташування Поточне розміщення Дата придбання Вартість, звичайна ціна покупки Інвентарний номер Усього замовленно Повний номер виклику Штрих-код Дата останнього перегляду Ціна ефективна від Тип елемента Koha
    Universal Decimal Classification     АБ - Абонемент НБ АБ - Абонемент НБ 04/02/2005 5.00 13313   3(038) Л77 13313 21/06/2022 04/02/2005 Книги